| 000 | 00852nam a2200301Ia 4500 | ||
|---|---|---|---|
| 003 | OSt | ||
| 005 | 20221006142740.0 | ||
| 006 | a|||||r|||| 00| 0 | ||
| 007 | ta | ||
| 008 | 221006b |||||||| |||| 00| 0 eng d | ||
| 020 | _c£40.00 | ||
| 024 | _a7,087 | ||
| 037 | _cTextual | ||
| 040 |
_aEASL _cEASL _beng |
||
| 041 |
_2eng _aeng |
||
| 082 | _aT.42.N90, N1 | ||
| 100 |
_aSCHOPPA Leonard J _9648351 |
||
| 245 | 0 |
_aEducation reform in Japan _b A case of immobility politics |
|
| 260 |
_aLondon _bRoutledge _c1991 |
||
| 300 |
_a319p. _ccm. |
||
| 490 | _v JEL | ||
| 650 | _a Education and state - Japan - history | ||
| 650 | _a JEL | ||
| 650 | _a Politics and education - Japan - history | ||
| 650 | _aEducation - Japan - history | ||
| 942 |
_hT.42.N90, N1 _cTEXL _2CC |
||
| 999 |
_c1075173 _d1075173 |
||